000 00589nam a2200229Ia 4500
003 OSt
005 20220923225206.0
006 a|||||r|||| 00| 0
007 ta
008 220922b |||||||| |||| 00| 0 hin d
024 _a259,651
037 _cTextual
040 _aARTS
_cARTS
_bhin
041 _2hin
_ahin
082 _aP:7, 152M7
100 _aशीतांशु
_9156280
245 0 _aशैली विज्ञान
246 _aShailī vijnyāna
260 _c1987
942 _hP:7, 152M7
_cTEXL
_2CC
999 _c376643
_d376643